000 00937nam a22002417a 4500
003 OSt
005 20210225163121.0
008 210225b1967 ck ||||gr|||| 00| 0 spa d
040 _aCO-JMCR
_cCO-JMCR
041 1 _aspa
_heng
082 0 4 _a658.08 /
_bL728a
_223
100 1 _aLIlienthal, David E.,
_eautor
_913975
245 1 3 _ala administración :
_barte humanístico /
_cDavid E. Lilienthal ; traducción de Jorge Cárdenas Nannetti
260 _aColombia :
_bCarvajal,
_c1967
300 _a61 páginas ;
_c23 cm.
500 _aDatos biográficos del autor en contraportada.
505 0 _aLa administración, arte humanístico -- El liderazgo administrativo como arte humanístico -- El desarrollo internacional como arte humanístico
650 2 4 _aAdministración
_91809
650 2 4 _aDesarrollo económico
_913976
650 2 4 _aLiderazgo
_913977
700 1 _aCárdenas Nannetti, Jorge,
_etraductor
_92223
942 _2ddc
_cBK
999 _c7339
_d7339